Statistics for Every Channel to have the most subs

Click here to take the quiz!

General Stats

  • This quiz has been taken 6 times
  • The average score is 9 of 18

Answer Stats

Most subbed yearsChannel% Correct
2018-2019PewDiePie
100%
2014-2018PewDiePie
100%
2013-2013PewDiePie
100%
2019-presentT-Series
100%
2018-2018T-Series
100%
2013-2013Smosh
75%
2007-2008Smosh
75%
2005-2006Smosh
75%
2011-2013Ray William Johnson
50%
2006-2006Brookers
25%
2008-2009FRED
25%
2009-2011nigahiga
25%
2008-2008nigahiga
25%
2013-2014Youtube Spotlight
25%
2005-2005Youtube Spotlight
25%
2006-2006Geriatric1927
0%
2006-2006Judson Laipply
0%
2006-2007lonelygirl15
0%

Score Distribution

Percentile by Number Answered

Percent of People with Each Score

Your Score History

You have not taken this quiz